| 000 | 00859nam a22002777a 4500 | ||
|---|---|---|---|
| 001 | 7097 | ||
| 003 | FISKH | ||
| 005 | 20250815161301.0 | ||
| 008 | 250623b cb ||||| |||| 00| 0 eng d | ||
| 020 | _a9781595157393 | ||
| 040 |
_aFISKH _beng _cFISKH _dFISKH |
||
| 050 | _aQL544.2 C6618 | ||
| 082 | _a595.78 | ||
| 100 | _aCooper, Jason | ||
| 245 |
_aButterflies / _cBy Jason Cooper |
||
| 260 |
_aFlorida : _bRourke Publishing LLC , _c2006. |
||
| 300 |
_a24 pages : _bcolor illustrations ; _c19 cm . |
||
| 490 | _aInsects discovery library | ||
| 505 | _aK | ||
| 520 | _aDiscover The Colors Of Butterflies , How They Eat, And How They Become The Beautiful Insects We See Today. | ||
| 521 | 8 |
_a510
_bLexile estimate |
|
| 521 | 8 |
_aK
_bRaz-Plus |
|
| 650 |
_aButterflies _vJuvenile Literature |
||
| 942 |
_2ddc _cBK _n0 |
||
| 999 |
_c7097 _d7097 |
||